| 000 | 00449nam a2200157Ia 4500 | ||
|---|---|---|---|
| 008 | 230312s9999||||xx |||||||||||||| ||und|| | ||
| 020 | _a81-7758-354-9 | ||
| 082 |
_a621.38928 _bFLO-E |
||
| 100 | _aFloyd,thomas.l | ||
| 245 | 0 | _aElectonic Devices | |
| 260 |
_bPearson Education _aSouth Asia _c2002 |
||
| 300 | _a993 | ||
| 546 | _aEng. | ||
| 650 |
_aEngineering _vIntroduction to semiconductore,Diode Applications, Special-Purpose diodes |
||
| 942 | _cBK | ||
| 999 |
_c4503 _d4503 |
||